000 00404nam a2200133 a 4500
001 000031627
005 20200930063049.0
008 110628s1956 dr 000 0 spa d
040 _aDO-SdBNP
_bspa
_cBNPHU
245 0 3 _aLa voz del papa.
260 _aCiudad Trujillo, República Dominicana :
_bAgrupación Católica Universitaria,
_c1956.
_fEditora del Caribe
300 _a41 p. ;
_c22 cm.
049 _aBNPD
999 _c31119
_d31119